[Event "Richard Riordan GM Rapid"]
[Site "Natanya ISR"]
[Date "2009.07.14"]
[Round "10"]
[White "Fridman,D2"]
[Black "Roiz,M"]
[Result "1-0"]
[WhiteElo "2665"]
[BlackElo "2658"]
[EventDate "2009.07.12"]

1. d4 Nf6 2. c4 g6 3. Nc3 d5 4. cxd5 Nxd5 5. Bd2 Bg7 6. Nf3 O-O 7. Rc1 Bg4
8. e3 Nb6 9. h3 Bxf3 10. Qxf3 c6 11. h4 e5 12. dxe5 N8d7 13. h5 Nxe5 14.
Qh3 f5 15. e4 Nbc4 16. Rc2 g5 17. h6 Bf6 18. Be2 g4 19. Qg3 Nxd2 20. Rxd2
Qe7 21. Rh5 f4 22. Qxf4 Rad8 23. Rxd8 Rxd8 24. Kf1 b5 25. g3 Qe6 26. Kg2
Ng6 27. Qxg4 Qe7 28. Bd1 Kh8 29. Bb3 Re8 30. Rf5 Ne5 31. Qh5 Ng6 32. e5
Bxe5 33. Rf7 Qd6 34. Ne4 1-0

[Event "Richard Riordan GM Rapid"]
[Site "Natanya ISR"]
[Date "2009.07.14"]
[Round "10"]
[White "Gelfand,B"]
[Black "Sutovsky,E"]
[Result "1/2-1/2"]
[WhiteElo "2755"]
[BlackElo "2675"]
[EventDate "2009.07.12"]

1. Nf3 Nf6 2. c4 g6 3. Nc3 d5 4. cxd5 Nxd5 5. g3 Bg7 6. Bg2 O-O 7. O-O Nxc3
8. dxc3 Qxd1 9. Rxd1 Nc6 10. Be3 Bf5 11. Nd2 Rfd8 12. Nb3 Bc2 13. Rdc1 Bf5
14. Nc5 Rab8 15. b4 Rd6 16. a4 b6 17. Ne4 Rd7 18. Nf6+ Bxf6 19. Bxc6 Rd6
20. b5 Bh3 21. Bf4 e5 22. Be3 Rbd8 23. c4 e4 24. Rab1 Bb2 25. Re1 Bc3 26.
Rec1 Bb2 27. Re1 Bc3 28. Rec1 1/2-1/2

[Event "Richard Riordan GM Rapid"]
[Site "Natanya ISR"]
[Date "2009.07.14"]
[Round "11"]
[White "Rodshtein,M"]
[Black "Golod,V"]
[Result "1/2-1/2"]
[WhiteElo "2623"]
[BlackElo "2599"]
[EventDate "2009.07.12"]

1. d4 d5 2. Nf3 Nf6 3. c4 dxc4 4. e3 e6 5. Bxc4 a6 6. O-O c5 7. Bb3 Be7 8.
Nc3 O-O 9. dxc5 Bxc5 10. Qxd8 Rxd8 11. e4 Bb4 12. e5 Bxc3 13. bxc3 Ne4 14.
Re1 Nxc3 15. Bg5 Re8 16. Rac1 Nd5 17. Nd4 h6 18. Bh4 Bd7 19. Bxd5 exd5 20.
Rc7 Nc6 21. Rxd7 Nxd4 22. Rxd5 Nf5 23. Bg3 Rad8 24. Red1 Rxd5 25. Rxd5 f6
26. Rd7 Nxg3 27. hxg3 Rxe5 28. Rxb7 Re1+ 29. Kh2 Re2 30. a4 Re4 31. Ra7
Rxa4 32. g4 Kh7 33. Kg3 Ra3+ 34. f3 a5 35. Kf4 Kg6 36. Kg3 a4 37. Kf4 Ra2
38. Kg3 a3 39. Kh2 Ra1 40. Kg3 a2 41. Kf4 h5 42. gxh5+ Kxh5 43. Ra8 Kg6 44.
Ra7 Kh6 45. Kf5 Kh7 46. Kf4 Kg6 47. Kg4 Kh6 48. Kf5 Kh7 49. Kf4 1/2-1/2

[Event "Richard Riordan GM Rapid"]
[Site "Natanya ISR"]
[Date "2009.07.14"]
[Round "11"]
[White "Avrukh,B"]
[Black "Fridman,D2"]
[Result "1-0"]
[WhiteElo "2641"]
[BlackElo "2665"]
[EventDate "2009.07.12"]

1. d4 d6 2. Nf3 Bg4 3. c4 Nd7 4. Nc3 e5 5. e3 Ngf6 6. Be2 c6 7. h3 Bh5 8.
O-O Be7 9. Nh4 Bg6 10. Nxg6 hxg6 11. Bf3 Nf8 12. d5 c5 13. Rb1 N6d7 14. Qa4
a6 15. b4 cxb4 16. Rxb4 Qc7 17. Ba3 Kd8 18. Rb3 Nb6 19. Rxb6 Qxb6 20. c5
Qc7 21. Ne4 Qd7 22. Qa5+ Ke8 23. c6 Qd8 24. cxb7 Rb8 25. Qxa6 Nd7 26. Nxd6+
Kf8 27. Rc1 Nb6 28. Rc6 g5 29. Qxb6 Qxb6 30. Rxb6 Rh6 31. Rc6 1-0

[Event "Richard Riordan GM Rapid"]
[Site "Natanya ISR"]
[Date "2009.07.14"]
[Round "12"]
[White "Najer,E"]
[Black "Rodshtein,M"]
[Result "1-0"]
[WhiteElo "2663"]
[BlackElo "2623"]
[EventDate "2009.07.12"]

1. e4 c6 2. d4 d5 3. e5 Bf5 4. Nf3 e6 5. Be2 Bg6 6. O-O Ne7 7. Nbd2 Nf5 8.
Nb3 Nd7 9. Bd2 Rc8 10. Rc1 Bh5 11. h3 Bxf3 12. Bxf3 c5 13. c3 Qb6 14. Bg4
c4 15. Na1 Qxb2 16. Bxf5 exf5 17. Nc2 g6 18. Qf3 Nb6 19. g4 Rg8 20. Kh2
fxg4 21. Qxg4 Qxa2 22. Bg5 Qa4 23. Ne3 h6 24. Bf6 Qd7 25. Qg2 Be7 26. Bxe7
Kxe7 27. Ra1 Qc6 28. Ng4 g5 29. Nf6 Rg6 30. Rxa7 Kf8 31. Rb1 Rxf6 32. exf6
Qxf6 33. Rxb7 Rc6 34. Re1 Nc8 35. Re5 Nd6 36. Rb8+ Kg7 37. Rxd5 Ra6 38. Rb2
Ra3 39. Rc2 Qg6 40. f4 Nf5 41. Qe4 Ne3 1-0

[Event "Richard Riordan GM Rapid"]
[Site "Natanya ISR"]
[Date "2009.07.14"]
[Round "13"]
[White "Beliavsky,A"]
[Black "Golod,V"]
[Result "1/2-1/2"]
[WhiteElo "2662"]
[BlackElo "2599"]
[EventDate "2009.07.12"]

1. d4 d5 2. c4 e6 3. Nc3 Nf6 4. cxd5 Nxd5 5. e4 Nxc3 6. bxc3 c5 7. Nf3 cxd4
8. cxd4 Bb4+ 9. Bd2 Bxd2+ 10. Qxd2 O-O 11. Bc4 Nd7 12. O-O b6 13. d5 Nf6
14. Rad1 exd5 15. e5 Be6 16. exf6 dxc4 17. fxg7 Kxg7 18. Nd4 Qf6 19. Nxe6+
fxe6 20. Qd7+ Kh8 21. Qb7 Rad8 22. Rxd8 Rxd8 23. Qxa7 c3 24. Qc7 Rd2 25.
Qc8+ Kg7 26. Qc7+ Kg6 27. Qg3+ Kf7 28. Qc7+ Kg6 29. Qg3+ 1/2-1/2

[Event "Richard Riordan GM Rapid"]
[Site "Natanya ISR"]
[Date "2009.07.14"]
[Round "13"]
[White "Rodshtein,M"]
[Black "Fridman,D2"]
[Result "1-0"]
[WhiteElo "2623"]
[BlackElo "2665"]
[EventDate "2009.07.12"]

1. d4 Nf6 2. c4 e6 3. Nf3 c5 4. d5 exd5 5. cxd5 Bd6 6. Nc3 Bc7 7. g3 d6 8.
Bg2 O-O 9. O-O a6 10. a4 Nbd7 11. Nd2 Rb8 12. Rb1 b5 13. axb5 axb5 14. b4
cxb4 15. Na2 Ba5 16. Nb3 Nc5 17. Nxa5 Qxa5 18. Nxb4 Bf5 19. Nc6 Qc7 20. Rb4
Rb6 21. Bb2 Re8 22. Rf4 Bg6 23. Qd2 Nfd7 24. h4 f6 25. Bc3 Ra6 26. g4 Ra4
27. Rxa4 bxa4 28. h5 Bf7 29. h6 gxh6 30. Qxh6 Rxe2 31. Nd4 Re5 32. Nf5 Rxf5
33. gxf5 Qd8 34. Re1 Qf8 35. Qh4 Be8 36. Re3 Kh8 37. Bf1 a3 38. Bb5 a2 39.
Rxe8 1-0